| 000 | 01365nam a22002297a 4500 | ||
|---|---|---|---|
| 008 | 171122s2008 ag||||| |||| 00| 0 spa d | ||
| 020 | _a9789871274109 | ||
| 082 | 0 | 4 |
_a709.82 _bB436a |
| 100 | 1 |
_aBellati, Corina. _96108 |
|
| 245 | 1 | 0 |
_aArte contemporáneo argentino : _bartista por artista / _ccoordinado por Corina Bellati ; curaduría por Rodrigo Alonso, Valeria González y Julio Sánchez. |
| 250 | _a1a edición. | ||
| 260 |
_aBuenos Aires, Argentina : _bPapers Editores, _c2008. |
||
| 300 |
_a200 páginas : _bilustraciones en color. |
||
| 500 | _aArtistas: Leandro Erlich, Esteban Pastorino, Mariana López, Sebastián Díaz Morales, Daniel Joglar, Rosa Chancho, Tomás Saraceno, Luis Terán, Juliana Iriart, Osías Yanov, Miguel Mitlag, Alessandra Sanguinetti, Diego Perrota, Ignacio Lasparra, Fabian Bercic, Lorena Guzmán, Gabriel Baggio, Tomás Espina, Patricio Larrambebere, Elisa Strada, Nicolás Trombetta, Mauro Giaconi, Gabriel Grün, Guillermo Srodek Hart, Mariano Vilela, Gabriela Golder, Nicolás Varchausky, Eduardo Tomás Basualdo, Favia Da Rin y Luz Lindner. | ||
| 653 | 1 | 0 | _aArte contemporáneo |
| 653 | 1 | 0 | _aArte - Argentina |
| 653 | 1 | 0 | _aArtistas visuales |
| 653 | 1 | 0 | _aArte latinoamericano |
| 700 | 1 |
_aAlonso, Rodrigo. _ecurador. _94644 |
|
| 700 | 1 |
_aGonzález, Valeria. _ecuradora. _96109 |
|
| 700 | 1 |
_aSánchez, Julio. _ecurador. _96110 |
|
| 999 |
_c1365 _d1365 |
||